| 000 | 01228nam0a2200325 4500 | ||
|---|---|---|---|
| 001 | RU\NLR\bibl\1271850 | ||
| 005 | 20250615134432.0 | ||
| 010 |
_a978-5-8354-0433-9 _92000 |
||
| 021 |
_aRU _b2008-55321 _93069 |
||
| 035 | _a(NLR Aleph) 001257719 | ||
| 090 |
_a359366 _c359366 |
||
| 100 | _a20080911d2008 |||y0rusy50 ca | ||
| 101 | 0 | _arus | |
| 102 | _aRU | ||
| 105 | _ay ||||||||| | ||
| 200 | 1 |
_aСобственность в гражданском праве _fК.И. Скловский |
|
| 205 | _a4-е изд., [перераб. и доп.] | ||
| 210 |
_aМосква _cСтатут _d2008 |
||
| 215 |
_a920, [1] с. _d25 |
||
| 300 | _aНа 4-й с. обл. авт.: Скловский К.И., д.ю.н. | ||
| 320 | _aБиблиогр. в подстроч. примеч. | ||
| 320 | _aПредм. указ.: с. 910-919 | ||
| 606 | 1 |
_aСобственность _xГражданско-правовые вопросы _yРоссийская Федерация _92177978 _3RU\NLR\auth\661309884 |
|
| 686 | _aХ623.14 | ||
| 700 | 1 |
_aСкловский _bК. И. _gКонстантин Ильич _4070 |
|
| 801 | 0 |
_aRU _bNLR _c20080911 _gRCR |
|
| 801 | 1 |
_aRU _bNLR _c20080911 |
|
| 942 | _cBOOK | ||
| 980 | _aNB | ||